000 01070nam a2200289 a 4500
001 736879
003 GBCCL
005 20241126110419.0
008 980903s1998 mou b 001 0 eng
010 _a 98213298
020 _a0570042666
040 _aDLC
_cDLC
050 0 0 _aBX8061.M7
_b.H38 1998
082 0 0 _a284.1322
_221
_bHER
245 0 0 _aHeritage in motion :
_breadings in the history of the Lutheran Church--Missouri Synod, 1962-1995 /
_cedited by August R. Suelflow.
260 _aSt. Louis :
_bConcordia,
_cc1998.
300 _ax, 516 p. ;
_c23 cm.
500 _aContinues: Moving frontiers / edited by Carl S. Meyer. 1964.
504 _aIncludes bibliographical references.
610 2 0 _aLutheran Church--Missouri Synod
_xHistory.
_92373
610 2 0 _aLutheran Church--Missouri Synod
_xHistory
_xSources.
_94398
700 1 _aSuelflow, August Robert,
_d1922-
_94399
730 0 _aMoving frontiers.
_94400
906 _a7
_bcbc
_corignew
_d2
_encip
_f19
_gy-gencatlg
942 _2ddc
_cBK
999 _c2147
_d2147